Analiz mnogokriterial'nych ekonomiko-matematičeskich modelej

Salvato in:
Dettagli Bibliografici
Autore principale: Poliščuk, Leonid Iosifovič
Natura: Libro
Lingua:russo
Pubblicazione: Novosibirsk Nauka 1989
Edizione:1. izd.
Tags: Aggiungi Tag
Nessun Tag, puoi essere il primo ad aggiungerne!!

MARC

LEADER 00000nam a2200000 4500
001 c038452
005 20230221104824.3
041 0 |a rus 
044 |a RU 
245 1 0 |a Analiz mnogokriterial'nych ekonomiko-matematičeskich modelej  |c Leonid Iosifovič Poliščuk 
250 |a 1. izd. 
264 1 |a Novosibirsk  |b Nauka  |c 1989 
300 |a 347 s. 
100 1 |a Poliščuk, Leonid Iosifovič